00456 2200181 4500001002100000008004100021035002000062245004700082100001200129260004900141300002000190084001400210082000800224650001200232990001000244990001000254990001000264INLIS000000000000556 ind  a0010-0422000549 aMetode Praktis Membaca Al - QurancMasruri aMasruri aSidoarjo :bKonsorium Pendidikan Islamc2007 a42 hlm.c20 cm. a297 MAS m a297 aJilid 5 aU0822 aU0823 aU0825